[Event "Mistrovstvi CR junioru a dorostencu 2021"]
[Site "Kouty nad Desnou"]
[Date "2021.06.24"]
[Round "5"]
[White "Mladek, Richard"]
[Black "Mica, Marek"]
[Result "1/2-1/2"]
[WhiteElo "2291"]
[BlackElo "2274"]
[EventDate "2021.06.21"]

1. e4  c6  2. d4  d5  3. e5  Bf5  4. h4  h5  5. Bd3  Bxd3  6. Qxd3  e6  7. Bg5  Be7  8. Nf3  Nh6  9. Nbd2  Nf5  10. c4  dxc4  11. Nxc4  Nd7  12. O-O  Nb6  13. g3  Nxc4  14. Qxc4  Qd5  15. Qxd5  cxd5  16. Bxe7  Kxe7  17. Rfc1  Rhc8  18. Kf1  f6  19. Ke2  Kd7  20. Kd3  Ne7  21. Rxc8  Rxc8  22. Rg1  Nf5  23. Kd2  Rc4  24. Kd3  Rc8  25. Kd2  Rc4  26. Kd3  Rc8  1/2-1/2

[Event "Mistrovstvi CR junioru a dorostencu 2021"]
[Site "Kouty nad Desnou"]
[Date "2021.06.24"]
[Round "5"]
[White "Skalsky, Alexandr"]
[Black "Nagy, Ladislav"]
[Result "1/2-1/2"]
[WhiteElo "2172"]
[BlackElo "2177"]
[EventDate "2021.06.21"]

1. e4  c5  2. Nf3  Nc6  3. d4  cxd4  4. Nxd4  e6  5. Nc3  Qc7  6. Be3  a6  7. a3  b5  8. Nxc6  Qxc6  9. Be2  Bb7  10. O-O  Rc8  11. Qd3  Nf6  12. Rfd1  Be7  13. Bf3  Qc7  14. e5  Bxf3  15. exf6  Bxd1  16. fxg7  Rg8  17. Qxh7  Rxg7  18. Qxg7  Bxc2  19. Rc1  Bg6  20. Qh8+  Bf8  21. Bh6  Qd6  22. Rd1  Qc5  23. Bxf8  Qxf8  24. Qxf8+  Kxf8  25. Rxd7  Rb8  26. Ra7  Bd3  27. Na2  Bc4  28. Nb4  Rd8  29. g3  Rd2  30. Rxa6  Rxb2  31. h4  Be2  32. Kg2  Rb3  33. Kh3  Bf3  34. Nc2  Rb2  35. Nd4  Rxf2  1/2-1/2

[Event "Mistrovstvi CR junioru a dorostencu 2021"]
[Site "Kouty nad Desnou"]
[Date "2021.06.24"]
[Round "5"]
[White "Frank, Adam"]
[Black "Sramek, Vojtech"]
[Result "1/2-1/2"]
[WhiteElo "2238"]
[BlackElo "2194"]
[EventDate "2021.06.21"]

1. e4  c5  2. Nf3  d6  3. d4  cxd4  4. Nxd4  Nf6  5. Nc3  g6  6. Be2  Bg7  7. O-O  O-O  8. Bg5  Nc6  9. Nb3  Be6  10. Kh1  Na5  11. f4  Nc4  12. f5  Nxb2  13. Qc1  Bc4  14. Qxb2  Bxe2  15. Nxe2  Nxe4  16. f6  Nxf6  17. Rae1  Ne4  18. Qc1  Nxg5  19. Qxg5  Qc7  20. c3  Rac8  21. Rd1  Qc4  22. Ned4  Bf6  23. Qb5  Bxd4  24. Qxc4  Rxc4  25. cxd4  Rfc8  26. Rc1  Kg7  27. Kg1  Rxc1  28. Rxc1  Rxc1+  29. Nxc1  Kf6  30. Kf2  Ke6  31. Ke3  Kd5  32. Kd3  e5  33. g4  f5  34. gxf5  gxf5  35. Ne2  b5  36. Ng3  Ke6  37. Ne2  a5  38. a3  Kd5  39. Nc3+  Kc6  40. Ne2  Kd5  41. Nc3+  Kc6  42. Ne2  Kd5  1/2-1/2

[Event "Mistrovstvi CR junioru a dorostencu 2021"]
[Site "Kouty nad Desnou"]
[Date "2021.06.24"]
[Round "5"]
[White "Ludvik, Tomas"]
[Black "Nemec, Jachym"]
[Result "1-0"]
[WhiteElo "2203"]
[BlackElo "2197"]
[EventDate "2021.06.21"]

1. d4  Nf6  2. c4  g6  3. Nc3  d5  4. Bf4  Bg7  5. e3  O-O  6. Rc1  c5  7. dxc5  Be6  8. Nf3  Nc6  9. Ng5  Bg4  10. f3  e5  11. cxd5  exf4  12. dxc6  Qe7  13. Bc4  bxc6  14. O-O  Rad8  15. Qb3  Rb8  16. Bxf7+  Kh8  17. Qc4  Bf5  18. e4  Bc8  19. Be6  Nd7  20. Bxd7  Bxd7  21. Rfd1  Bc8  22. Nh3  Bxh3  23. gxh3  Qg5+  24. Kh1  Rxb2  25. Ne2  Qh5  26. Kg2  Qg5+  27. Kh1  Qh5  28. Kg2  Rb7  29. Rd6  Qg5+  30. Kh1  Qh4  31. Kg2  Re7  32. Re6  Rd8  33. Rb1  Qg5+  34. Kh1  Rxe6  35. Qxe6  Qxc5  36. Nxf4  Qe3  37. Qg4  Be5  38. Nxg6+  hxg6  39. Qh4+  Kg8  40. Qxd8+  Kh7  41. Qh4+  Kg8  42. Qg4  Bg7  43. Rb8+  Kh7  44. Qh4+  Bh6  45. Rb7+  1-0

[Event "Mistrovstvi CR junioru a dorostencu 2021"]
[Site "Kouty nad Desnou"]
[Date "2021.06.24"]
[Round "5"]
[White "Svanda, Ondrej"]
[Black "Stalmach, Richard"]
[Result "0-1"]
[WhiteElo "2300"]
[BlackElo "2296"]
[EventDate "2021.06.21"]

1. Nf3  Nf6  2. b3  g6  3. Bb2  Bg7  4. g3  c5  5. Bg2  d5  6. c4  O-O  7. O-O  Nc6  8. cxd5  Nb4  9. a3  Nbxd5  10. d4  cxd4  11. Bxd4  Bg4  12. Nbd2  Rc8  13. Rc1  b6  14. Rxc8  Qxc8  15. Qa1  Qa6  16. h3  Bxf3  17. Bxf3  Nc7  18. Ne4  Nfe8  19. Bxg7  Nxg7  20. h4  Qb5  21. b4  Rd8  22. Rd1  Rd7  23. Kg2  Qa4  24. Rxd7  Qxd7  25. Qc1  Nce6  26. e3  Qc7  27. Qd2  Nf5  28. Nc3  Qd6  29. Qc2  Qxg3+  30. fxg3  Nxe3+  0-1

[Event "Mistrovstvi CR junioru a dorostencu 2021"]
[Site "Kouty nad Desnou"]
[Date "2021.06.25"]
[Round "6"]
[White "Sprenar, Petr"]
[Black "Stalmach, Richard"]
[Result "1-0"]
[WhiteElo "2259"]
[BlackElo "2296"]
[EventDate "2021.06.21"]

1. d4  Nf6  2. Nf3  g6  3. g3  Bg7  4. Bg2  O-O  5. O-O  d6  6. a4  a5  7. Nc3  Nbd7  8. e4  c6  9. e5  Ne8  10. Re1  dxe5  11. dxe5  Nc7  12. Qe2  Ne6  13. b3  Qc7  14. Bb2  Ndc5  15. Qe3  Rd8  16. Rad1  Bd7  17. Nh4  Na6  18. f4  Nb4  19. Qf2  Nf8  20. h3  Bf5  21. Nxf5  gxf5  22. Rxd8  Rxd8  23. Nd1  e6  24. Ne3  b5  25. g4  fxg4  26. Nxg4  Ng6  27. f5  exf5  28. Qxf5  Rd2  29. Nf6+  Kh8  30. Be4  bxa4  31. Ne8  Qa7+  32. Kf1  Qa6+  33. Kg1  Qa7+  34. Kh1  Qf2  35. Qxf2  Rxf2  36. Nxg7  Kxg7  37. bxa4  Kf8  38. Bc3  Ke7  39. Kg1  Rf4  40. Bd2  Rxe4  41. Rxe4  c5  42. Bxb4  cxb4  43. Rc4  Nxe5  44. Rc5  Kd6  45. Rxa5  Nf3+  46. Kf2  Nd4  47. Ke3  Nxc2+  48. Kd3  Ne1+  49. Kc4  Nc2  1-0

[Event "Mistrovstvi CR junioru a dorostencu 2021"]
[Site "Kouty nad Desnou"]
[Date "2021.06.25"]
[Round "6"]
[White "Nemec, Jachym"]
[Black "Svanda, Ondrej"]
[Result "0-1"]
[WhiteElo "2197"]
[BlackElo "2300"]
[EventDate "2021.06.21"]
[PlyCount "68"]

1. d4 Nf6
2. c4 e6 3. Nc3 Bb4 4. e3 b6 5. Nge2 Ba6 6. a3 Be7 7. Ng3 d5 8. Qf3 c6 9. b3 h5
10. Bd3 Nbd7 11. Nge2 e5 12. Qg3 e4 13. Bc2 h4 14. Qxg7 Rh5 15. Nf4 Bf8 16.
Nxh5 Bxg7 17. Nxg7+ Kf8 18. Nf5 dxc4 19. b4 Qe8 20. f3 c5 21. fxe4 Bb7 22. O-O
Qe6 23. e5 Nxe5 24. dxe5 Qxe5 25. Bb2 Ng4 26. Rf4 Nxe3 27. Raf1 Nxf1 28. Rxf1
Rd8 29. Ba1 Rd4 30. bxc5 bxc5 31. Nb5 Rd2 32. Nxh4 Qe3+ 33. Kh1 Rxc2 34. Nd6
Rc1 0-1

[Event "Mistrovstvi CR junioru a dorostencu 2021"]
[Site "Kouty nad Desnou"]
[Date "2021.06.25"]
[Round "6"]
[White "Sramek, Vojtech"]
[Black "Ludvik, Tomas"]
[Result "0-1"]
[WhiteElo "2194"]
[BlackElo "2203"]
[EventDate "2021.06.21"]

1. e4  c5  2. Nf3  d6  3. d4  cxd4  4. Nxd4  Nf6  5. Nc3  a6  6. Be3  e5  7. Nb3  Be6  8. f3  Nbd7  9. g4  h6  10. Qd2  b5  11. O-O-O  Rc8  12. Kb1  Be7  13. h4  Nb6  14. Qf2  Nfd7  15. Nd5  Bxd5  16. exd5  Qc7  17. Rh2  Nc4  18. Bc1  Ndb6  19. g5  Na4  20. Ka1  hxg5  21. hxg5  Rxh2  22. Qxh2  g6  23. Bh3  Rb8  24. f4  a5  25. fxe5  Nxe5  26. Nd4  Qc5  27. Nc6  Nxc6  28. dxc6  Kd8  29. Bf4  Kc7  30. Qe2  Bf8  31. Be3  Qe5  32. c3  Re8  33. Qg4  Re6  34. Bf4  Qe2  35. Qxe2  Rxe2  36. Bc1  Kxc6  37. Rf1  Be7  38. Rxf7  Bxg5  39. Rf1  Bxc1  40. Rxc1  Rxb2  41. Rg1  Rh2  42. Be6  d5  43. Rxg6  Rh1+  44. Rg1  Rxg1#  0-1

[Event "Mistrovstvi CR junioru a dorostencu 2021"]
[Site "Kouty nad Desnou"]
[Date "2021.06.25"]
[Round "6"]
[White "Nagy, Ladislav"]
[Black "Frank, Adam"]
[Result "1-0"]
[WhiteElo "2177"]
[BlackElo "2238"]
[EventDate "2021.06.21"]

1. e4 e5 2. Nf3
Nc6 3. Bc4 Nf6 4. d3 Be7 5. O-O O-O 6. Re1 d6 7. a4 Bg4 8. h3 Bh5 9. c3 d5 10.
exd5 Nxd5 11. a5 Kh8 12. Nbd2 f5 13. a6 Rb8 14. axb7 Rxb7 15. Nf1 Bf6 16. Ng3
Bg6 17. Qa4 Rb6 18. Qa2 Nde7 19. Be3 Rb8 20. Bc5 Re8 21. h4 h6 22. h5 Bh7 23.
Rad1 Nc8 24. Bf7 Bg8 25. Bxg8 Rxg8 26. Nxf5 Nd6 27. Ng3 Rb5 28. b4 Qb8 29. Qd5
Qb7 30. Ne4 Nxe4 31. Qxe4 a5 32. c4 Rxb4 33. Bxb4 axb4 34. d4 exd4 35. Nxd4 Na5
36. Qg6 Nxc4 37. Nf5 Nd6 38. Rxd6 cxd6 39. Nxd6 1-0

[Event "Mistrovstvi CR junioru a dorostencu 2021"]
[Site "Kouty nad Desnou"]
[Date "2021.06.25"]
[Round "6"]
[White "Mica, Marek"]
[Black "Skalsky, Alexandr"]
[Result "1/2-1/2"]
[WhiteElo "2274"]
[BlackElo "2172"]
[EventDate "2021.06.21"]

1. d4  Nf6  2. c4  g6  3. Nc3  d5  4. cxd5  Nxd5  5. Na4  Nb6  6. e4  e5  7. Be3  Bb4+  8. Nc3  exd4  9. Qxd4  Qxd4  10. Bxd4  O-O  11. O-O-O  Nc6  12. Be3  Bxc3  13. bxc3  Be6  14. Rd2  Rfd8  15. Rc2  Ne5  16. Nf3  Nxf3  17. gxf3  Rd6  18. c4  c5  19. Bxc5  Rc6  20. Bxb6  axb6  21. Bd3  Ra4  22. Kd2  Bxc4  23. Bxc4  Raxc4  24. Rxc4  Rxc4  25. Rb1  Rc6  26. Ke3  Kf8  27. h4  Ke7  28. Rb5  Kd7  29. h5  Kc7  30. Re5  Kd7  31. Rb5  Kc7  32. Re5  Kd7  1/2-1/2

[Event "Mistrovstvi CR junioru a dorostencu 2021"]
[Site "Kouty nad Desnou"]
[Date "2021.06.25"]
[Round "6"]
[White "Kusa, Jakub"]
[Black "Mladek, Richard"]
[Result "1/2-1/2"]
[WhiteElo "2316"]
[BlackElo "2291"]
[EventDate "2021.06.21"]

1. e4  e5  2. Nf3  Nc6  3. Bb5  a6  4. Ba4  Nf6  5. O-O  Be7  6. d3  d6  7. a3  O-O  8. Nc3  Bg4  9. Be3  Nd4  10. Bxd4  exd4  11. Nb1  d5  12. Nbd2  dxe4  13. Nxe4  c5  14. Bb3  b5  15. h3  Bc8  16. Nxf6+  Bxf6  17. Re1  Bb7  18. Nd2  Rc8  19. a4  Bg5  20. axb5  axb5  21. Qe2  Bf4  22. Nf3  Bb8  23. Qe7  Qb6  24. Ne5  c4  25. dxc4  Bxe5  26. Qxe5  Rc5  27. Qe7  Rc7  28. Qe5  Rc5  29. Qe7  Rc7  30. Qe5  Rc5  1/2-1/2

[Event "Mistrovstvi CR junioru a dorostencu 2021"]
[Site "Kouty nad Desnou"]
[Date "2021.06.26"]
[Round "7"]
[White "Mladek, Richard"]
[Black "Sprenar, Petr"]
[Result "1-0"]
[WhiteElo "2291"]
[BlackElo "2259"]
[EventDate "2021.06.21"]

1. d4  Nf6  2. c4  e6  3. Nc3  d5  4. Bg5  Be7  5. cxd5  exd5  6. e3  Nbd7  7. Qc2  c6  8. Bd3  h6  9. Bf4  Nb6  10. Nf3  Bd6  11. Ne5  Qe7  12. O-O-O  Nbd7  13. Nf3  O-O  14. Bf5  Re8  15. g4  Ne4  16. Nxe4  dxe4  17. Bxd6  Qxd6  18. Bxe4  Qe6  19. Bd3  Qxa2  20. g5  hxg5  21. Rhg1  Qa1+  22. Kd2  Qa5+  23. Ke2  Nf8  24. Rxg5  Qd8  25. Rdg1  Ne6  26. R5g4  Qf6  27. Bf5  a5  28. Bxe6  Bxe6  29. Rxg7+  Qxg7  30. Rxg7+  Kxg7  31. Ng5  Bd5  32. Qh7+  Kf8  33. e4  Bc4+  34. Ke3  Ke7  35. d5  cxd5  36. Qxf7+  Kd6  37. Kd4  Kc6  38. exd5+  1-0

[Event "Mistrovstvi CR junioru a dorostencu 2021"]
[Site "Kouty nad Desnou"]
[Date "2021.06.26"]
[Round "7"]
[White "Skalsky, Alexandr"]
[Black "Kusa, Jakub"]
[Result "1-0"]
[WhiteElo "2172"]
[BlackElo "2316"]
[EventDate "2021.06.21"]

1. e4  e5  2. Nf3  Nc6  3. Bc4  Nf6  4. Ng5  d5  5. exd5  Na5  6. Bb5+  c6  7. dxc6  bxc6  8. Qf3  Be7  9. Bd3  O-O  10. Nc3  h6  11. Nge4  Nd5  12. Ng3  Nb4  13. Nf5  Nxd3+  14. Qxd3  Bg5  15. Qxd8  Rxd8  16. Ng3  c5  17. d3  Be7  18. Bd2  Nc6  19. O-O-O  Be6  20. b3  Rac8  21. Rhe1  Bd6  22. Nb5  Bb8  23. Na3  Nd4  24. f3  f6  25. Nc4  Kf7  26. Ne2  Nc6  27. Be3  Nb4  28. Nc3  Nd5  29. Nxd5  Bxd5  30. h3  h5  31. h4  g6  32. Kb2  Rc6  33. a3  Bc7  34. Ra1  a6  35. Red1  Ke6  36. Nd2  Kf7  37. Ne4  Bb6  38. c4  Be6  39. a4  a5  40. Kc2  Bc8  41. Rf1  f5  42. Nc3  Be6  43. Rae1  Bc7  44. Bg5  Rd7  45. Nb5  Bb8  46. Bd2  f4  47. Bxa5  Bf5  48. Rd1  g5  49. hxg5  Rg6  50. Rf2  Rxg5  51. Nc3  Bd6  52. Ne4  Rg8  53. Bc3  Bb8  54. Re2  Rc8  55. Nf2  Kf6  56. Rh1  Bg6  57. Rhe1  Re7  58. Nh3  Kf5  59. Re4  Kf6  60. Rxf4+  Kg7  61. Rh4  Kh6  62. Nf2  Rg8  63. Re2  Bf5  64. g4  Bg6  65. Bd2+  1-0

[Event "Mistrovstvi CR junioru a dorostencu 2021"]
[Site "Kouty nad Desnou"]
[Date "2021.06.26"]
[Round "7"]
[White "Frank, Adam"]
[Black "Mica, Marek"]
[Result "1/2-1/2"]
[WhiteElo "2238"]
[BlackElo "2274"]
[EventDate "2021.06.21"]

1. e4  c6  2. d4  d5  3. Nd2  dxe4  4. Nxe4  Bf5  5. Ng3  Bg6  6. h4  h6  7. Nf3  Nd7  8. h5  Bh7  9. Bd3  Bxd3  10. Qxd3  e6  11. Bd2  Ngf6  12. O-O-O  Be7  13. Kb1  O-O  14. Ne4  c5  15. Rhe1  Qb6  16. Ne5  Rad8  17. Qg3  Nxe4  18. Rxe4  Nxe5  19. dxe5  f5  20. Ree1  Rd4  21. Bc1  Bh4  22. Qf3  Rfd8  23. Be3  R4d5  24. Rxd5  Rxd5  25. Qh3  Qb4  26. Rh1  Bg5  27. a3  Qe4  28. Bxg5  hxg5  29. Qg3  Qg4  30. Qxg4  fxg4  31. Kc1  Rxe5  32. Kd2  Kh7  33. g3  Kh6  34. a4  Re4  35. b3  b6  36. Kd3  Re5  37. Kd2  Rf5  38. Ke2  Rf3  39. Rd1  c4  40. Rd7  cxb3  41. cxb3  a5  42. b4  Ra3  43. bxa5  bxa5  44. Rd6  Rxa4  45. Rxe6+  Kh7  46. Kf1  Ra1+  47. Kg2  Rb1  48. Ra6  Rb5  49. Ra8  Rf5  50. Kg1  Rd5  51. Kg2  Rc5  52. Kg1  g6  53. Ra7+  Kh6  54. Ra6  a4  55. Rxg6+  Kh7  56. Ra6  Rc1+  57. Kg2  1/2-1/2

[Event "Mistrovstvi CR junioru a dorostencu 2021"]
[Site "Kouty nad Desnou"]
[Date "2021.06.26"]
[Round "7"]
[White "Ludvik, Tomas"]
[Black "Nagy, Ladislav"]
[Result "1-0"]
[WhiteElo "2203"]
[BlackElo "2177"]
[EventDate "2021.06.21"]

1. d4  Nf6  2. c4  e6  3. Nf3  d5  4. Nc3  Be7  5. Bf4  O-O  6. e3  Nbd7  7. Be2  c5  8. dxc5  Nxc5  9. O-O  dxc4  10. Bxc4  b6  11. Qe2  Bb7  12. Ne5  Ncd7  13. Rac1  Nxe5  14. Bxe5  a6  15. Rfd1  Qe8  16. f3  Nd7  17. Bf4  Qc8  18. Ne4  Bc6  19. Bd6  Re8  20. Bxe7  Rxe7  21. Nd6  Qc7  22. Bxa6  Nc5  23. Bc4  Rd7  24. Nb5  Bxb5  25. Bxb5  Rxd1+  26. Qxd1  Rd8  27. Qe2  Qe5  28. b4  Nb7  29. Rc6  Nd6  30. Bd3  b5  31. Rc5  Qa1+  32. Kf2  Ra8  33. Rc2  h5  34. Bxb5  Nxb5  35. Qxb5  Rxa2  36. Rxa2  Qxa2+  37. Kg3  g6  38. Qc5  Qa3  39. Qd4  Qb3  40. e4  Qa4  41. Qc5  Qa3  42. Kh3  Kg7  43. Qd4+  Kh7  44. b5  Qb3  45. b6  e5  46. Qd6  g5  47. Qf6  g4+  48. Kh4  gxf3  49. gxf3  Kg8  50. Kxh5  Kh7  51. h4  Qa2  52. b7  Qb3  53. Qf5+  Kg8  54. Qc8+  Kh7  55. b8=Q  Qxf3+  56. Qg4  Qf6  57. Qbg8#  1-0

[Event "Mistrovstvi CR junioru a dorostencu 2021"]
[Site "Kouty nad Desnou"]
[Date "2021.06.26"]
[Round "7"]
[White "Svanda, Ondrej"]
[Black "Sramek, Vojtech"]
[Result "1/2-1/2"]
[WhiteElo "2300"]
[BlackElo "2194"]
[EventDate "2021.06.21"]

1. e4  c5  2. Nf3  d6  3. Bb5+  Bd7  4. Bxd7+  Qxd7  5. c4  Nf6  6. Nc3  g6  7. d4  cxd4  8. Nxd4  Bg7  9. f3  O-O  10. Be3  Rc8  11. b3  Nc6  12. O-O  Nxd4  13. Bxd4  Ne8  14. Rc1  Bxd4+  15. Qxd4  Nc7  16. Qd3  Rab8  17. a4  a6  18. a5  b6  19. axb6  Rxb6  20. Na4  Rbb8  21. Qe3  Ne6  22. Rfd1  Qb7  23. Rc3  Nc5  24. Nxc5  Rxc5  25. Rd5  Rxd5  26. exd5  Qb6  27. Kf2  a5  28. Ke2  Qb4  29. Kf2  Qb6  30. Qxb6  Rxb6  31. Ke3  Rb4  32. Kd4  a4  33. bxa4  Rxa4  34. Re3  Kf8  35. Re2  1/2-1/2

[Event "Mistrovstvi CR junioru a dorostencu 2021"]
[Site "Kouty nad Desnou"]
[Date "2021.06.26"]
[Round "7"]
[White "Stalmach, Richard"]
[Black "Nemec, Jachym"]
[Result "1-0"]
[WhiteElo "2296"]
[BlackElo "2197"]
[EventDate "2021.06.21"]

1. c4  Nf6  2. Nc3  c5  3. Nf3  d5  4. cxd5  Nxd5  5. g3  Nc6  6. Bg2  Nc7  7. d3  e5  8. O-O  Be7  9. Nd2  Bd7  10. Nc4  f6  11. f4  b5  12. Ne3  exf4  13. Nf5  b4  14. Nxe7  Qxe7  15. Ne4  fxg3  16. Bf4  gxh2+  17. Kh1  Ne5  18. Rc1  O-O  19. d4  Ng4  20. Bxc7  Bc6  21. Qb3+  Rf7  22. d5  Qxc7  23. dxc6  Kh8  24. Ng5  Re7  25. Qh3  Nh6  26. Ne4  f5  27. Nxc5  Rxe2  28. Na6  Qb6  29. c7  Rc8  30. Qd3  Re3  31. Qd7  Ree8  32. Rce1  Rf8  33. Qc6  Qd4  34. Qc5  Qd7  35. Bb7  Ng4  36. Bxc8  Qxc8  37. Rxf5  Rg8  38. Qd5  h6  39. Ref1  Qxa6  40. Rf8  1-0

[Event "Mistrovstvi CR junioru a dorostencu 2021"]
[Site "Kouty nad Desnou"]
[Date "2021.06.27"]
[Round "8"]
[White "Sprenar, Petr"]
[Black "Nemec, Jachym"]
[Result "1/2-1/2"]
[WhiteElo "2259"]
[BlackElo "2197"]
[EventDate "2021.06.21"]

1. d4  Nf6  2. Nc3  d5  3. Bg5  c6  4. e3  Nbd7  5. Nf3  Qb6  6. Rb1  g6  7. Bd3  Bg7  8. O-O  O-O  9. e4  dxe4  10. Nxe4  Nxe4  11. Bxe4  Nf6  12. Bd3  Bg4  13. c3  Qa5  14. Bxf6  Bxf6  15. a3  Qd5  16. h3  Bxf3  17. Qxf3  Qxf3  18. gxf3  Rad8  19. Be4  e6  20. f4  Rd7  21. Kg2  Rfd8  22. Kf3  Be7  23. b4  Rc7  24. a4  a5  25. bxa5  Ra8  26. Rb6  Rxa5  27. Rfb1  Ra7  28. a5  Bf6  29. Kg2  Rxa5  30. Rxb7  Rxb7  31. Rxb7  Ra3  32. Bxc6  Rxc3  33. Be8  Bxd4  34. Bxf7+  Kh8  1/2-1/2

[Event "Mistrovstvi CR junioru a dorostencu 2021"]
[Site "Kouty nad Desnou"]
[Date "2021.06.27"]
[Round "8"]
[White "Sramek, Vojtech"]
[Black "Stalmach, Richard"]
[Result "1-0"]
[WhiteElo "2194"]
[BlackElo "2296"]
[EventDate "2021.06.21"]

1. e4  c5  2. Nf3  Nc6  3. d4  cxd4  4. Nxd4  Nf6  5. Nc3  d6  6. f3  e5  7. Nb3  Be6  8. Be3  Be7  9. Nd5  Bxd5  10. exd5  Nb4  11. c4  a5  12. Qd2  b6  13. Be2  O-O  14. O-O  Nd7  15. Nc1  Na6  16. Bd1  f5  17. Bc2  h6  18. Ne2  Nac5  19. b3  Bg5  20. Nc3  Qf6  21. a3  Rfc8  22. Nb5  Na6  23. f4  exf4  24. Bxf4  g6  25. Rae1  Ne5  26. h4  Bxh4  27. Nxd6  Bxe1  28. Rxe1  Qxd6  29. Rxe5  Qf6  30. Re6  Qf7  31. Be5  Kh7  32. Bxf5  Rg8  33. Rf6  Qe8  34. Be6  Rf8  35. Qf4  Nc5  36. Bf7  Qd7  37. Rxg6  1-0

[Event "Mistrovstvi CR junioru a dorostencu 2021"]
[Site "Kouty nad Desnou"]
[Date "2021.06.27"]
[Round "8"]
[White "Nagy, Ladislav"]
[Black "Svanda, Ondrej"]
[Result "0-1"]
[WhiteElo "2177"]
[BlackElo "2300"]
[EventDate "2021.06.21"]

1. e4  c5  2. Nf3  d6  3. d4  cxd4  4. Qxd4  Nc6  5. Bb5  Bd7  6. Bxc6  Bxc6  7. Nc3  e5  8. Qd3  h6  9. Nd2  Nf6  10. Nc4  Rc8  11. Ne3  Qb6  12. O-O  Qd4  13. f3  Qxd3  14. cxd3  g6  15. b3  b5  16. Bb2  h5  17. Rfe1  Bh6  18. Rad1  b4  19. Nb1  Bb5  20. Nc4  Bxc4  21. dxc4  Ke7  22. Bc1  Bxc1  23. Rxc1  Nd7  24. Nd2  Nc5  25. Rc2  f5  26. exf5  gxf5  27. Nf1  f4  28. Rd1  Rhg8  29. Nd2  Ne6  30. Ne4  Nd4  31. Rf2  h4  32. h3  a5  33. Kf1  a4  34. Rb1  axb3  35. axb3  Ra8  36. Rfb2  Nf5  37. Kg1  Rg7  38. Nf2  Nd4  39. Kh1  Kf6  40. Nd3  Rb7  41. Re1  Ra3  42. c5  dxc5  43. Nxc5  Rc7  44. Nd3  Rc2  45. Reb1  Rxb2  46. Rxb2  Ra1+  47. Kh2  Nf5  48. Rc2  Ne3  49. Rc1  Ra2  50. Rg1  Nd5  51. Kh1  Rd2  52. Nc5  Rb2  53. Rd1  Ne3  54. Rg1  Kf5  55. Kh2  Nc2  56. Kh1  Nd4  57. Re1  Nc2  58. Re4  Rb1+  59. Kh2  Ne3  60. Rxb4  Nf1+  0-1

[Event "Mistrovstvi CR junioru a dorostencu 2021"]
[Site "Kouty nad Desnou"]
[Date "2021.06.27"]
[Round "8"]
[White "Mica, Marek"]
[Black "Ludvik, Tomas"]
[Result "1/2-1/2"]
[WhiteElo "2274"]
[BlackElo "2203"]
[EventDate "2021.06.21"]

1. c4  e6  2. Nf3  Nf6  3. d4  d5  4. g3  c6  5. Bg2  Nbd7  6. O-O  Be7  7. b3  O-O  8. Nc3  b6  9. Bb2  Bb7  10. Qc2  Qc7  11. Rad1  Rad8  12. e4  dxe4  13. Nxe4  Nxe4  14. Qxe4  c5  15. d5  Nf6  16. Bxf6  Bxf6  17. Rfe1  exd5  18. cxd5  g6  19. h4  Qb8  20. Qc4  Qd6  21. Ng5  Bxg5  22. hxg5  Rfe8  23. Rxe8+  Rxe8  24. Qa4  Qb8  25. Bf3  Kg7  26. Kg2  Rd8  27. Qe4  Qd6  28. a3  a5  29. Qe3  f6  30. gxf6+  Qxf6  31. Be4  h5  32. Qd3  Rd6  33. Bf3  Qe5  34. Rd2  Kf6  35. Be4  Kg7  36. f4  Qf6  37. Qf3  Rd8  38. Qd3  Rd6  39. Qf3  Rd8  40. Kf2  Rd7  41. Kg1  Rd8  42. Kg2  Rd7  43. Qd3  1/2-1/2

[Event "Mistrovstvi CR junioru a dorostencu 2021"]
[Site "Kouty nad Desnou"]
[Date "2021.06.27"]
[Round "8"]
[White "Kusa, Jakub"]
[Black "Frank, Adam"]
[Result "1/2-1/2"]
[WhiteElo "2316"]
[BlackElo "2238"]
[EventDate "2021.06.21"]

1. e4  e5  2. Nf3  Nc6  3. Bc4  Bc5  4. c3  Nf6  5. d3  a6  6. a4  d6  7. h3  O-O  8. O-O  h6  9. Nbd2  Ba7  10. Re1  Be6  11. a5  Nh5  12. Nf1  Qf6  13. Be3  Nf4  14. Bxf4  Qxf4  15. Ne3  Bxc4  16. Nxc4  Qf6  17. Ne3  Ne7  18. Qb3  Rab8  19. Rad1  Ng6  20. Ng4  Qe6  21. Qxe6  fxe6  22. d4  exd4  23. Nxd4  Nf4  24. Kh2  e5  25. Nc2  Ne6  26. f3  b6  27. axb6  Rxb6  28. Nb4  a5  29. Nd3  Nf4  30. Ngf2  Rb5  31. Nxf4  Bxf2  32. Re2  Rxf4  33. Rxf2  Rf8  34. Rc2  Rfb8  35. Rdd2  Kf7  36. c4  Rc5  37. Rd5  Ke6  38. Kg3  a4  39. Kf2  Rc6  40. Ke3  Rcb6  41. Rdd2  Rb3+  42. Ke2  c5  43. Kd1  R8b4  44. Ke2  Rb6  45. Kf2  Kf6  46. Kg3  Kg5  47. Rd5  h5  48. h4+  Kf6  49. Rdd2  Ke6  50. Kf2  R6b4  51. Ke2  Kd7  52. Kf2  Kc6  53. Ke2  Kc7  54. Kf2  Kc6  55. Ke2  Kd7  56. Kf2  Kc7  57. Ke2  Kc6  58. Kf2  a3  59. bxa3  Rxa3  60. Rc1  Rab3  61. Rcc2  Ra4  62. Rc1  Rba3  63. Rcc2  Ra1  64. Kg3  Rb1  65. Rc3  Rbb4  66. Rdc2  Kc7  67. Rc1  Ra2  68. R1c2  Rxc2  69. Rxc2  Kb6  70. Rd2  Kc6  71. Rc2  Rb3  72. Kf2  Rd3  73. Ke2  Rd4  74. Ke3  g6  75. Rc1  Kb6  76. g4  Ka5  77. gxh5  gxh5  78. Rg1  Kb4  79. Rg5  Kxc4  80. Rxh5  Kb3  81. Rh8  Rd1  82. h5  c4  83. h6  Kc3  84. Ke2  Rd2+  85. Ke3  Rh2  86. Rh7  Rh5  87. Rh8  Kc2  88. h7  c3  89. Ke2  Rh6  90. Ke3  Rh2  91. Rd8  Rxh7  92. Rxd6  Rc7  93. f4  exf4+  94. Kxf4  Kb3  95. Rb6+  Kc4  96. Ke3  Rc8  97. e5  c2  98. Kd2  Kc5  99. Rb2  Kd5  1/2-1/2

[Event "Mistrovstvi CR junioru a dorostencu 2021"]
[Site "Kouty nad Desnou"]
[Date "2021.06.27"]
[Round "8"]
[White "Mladek, Richard"]
[Black "Skalsky, Alexandr"]
[Result "1-0"]
[WhiteElo "2291"]
[BlackElo "2172"]
[EventDate "2021.06.21"]

1. d4  Nf6  2. c4  g6  3. g3  Bg7  4. Bg2  d5  5. cxd5  Nxd5  6. e4  Nb6  7. Ne2  c5  8. d5  e6  9. O-O  O-O  10. Nec3  Na6  11. Bf4  e5  12. Bc1  Nc4  13. Nb5  Nc7  14. Nxc7  Qxc7  15. b3  Nd6  16. Bb2  Bd7  17. Nd2  b6  18. Qc2  f5  19. Bh3  f4  20. Bxd7  Qxd7  21. Kg2  g5  22. Nf3  g4  23. Nxe5  Bxe5  24. Bxe5  f3+  25. Kh1  Rae8  26. Bf4  Nxe4  27. d6  Re6  28. Qc4  Rxf4  29. gxf4  Nd2  30. Qd5  Qxd6  31. Qxd6  Rxd6  32. Rfe1  Rd4  33. Rad1  Kf7  34. Kg1  Kf6  35. Re8  Nxb3  36. Rde1  Nd2  37. h3  gxh3  38. Kh2  Nc4  39. Kxh3  b5  40. Rf8+  Kg7  41. Rf5  Rd6  42. Re7+  Kg6  43. Rg5+  Kh6  44. Rxc5  a6  45. Rec7  Kg6  46. Kg4  Nd2  47. Rg5+  Kh6  48. Rh5+  Kg6  49. Rcxh7  Rf6  1-0